00544nam a2200169Ia 4500003000900000008004100009040001600050080002500066110003300091245010800124260005000232300000800282500001900290650002600309650001800335650002100353IN-BaIIA211028s9999 xx 000 0 eng d cIIA Library a083.7:696.141.1bISI aIndian Standards Institution 0aIndian standard specification for automatic flushing cisterns for urinalscIndian Standards Institution aNew DelhibIndian Standards Institutionc1971 a7p. aIS 2326 : 1970 a Sanitary Appliances a Standards  aNASA Thesaurus